[Event "PMPJ 2022- D17"]
[Site "Jastrzebia Gora"]
[Date "2022.11.07"]
[Round "3.8"]
[White "Bauer, Marika"]
[Black "Lopusiewicz, Marta"]
[Result "1/2-1/2"]
[BlackElo "1270"]
[WhiteElo "1129"]
[LiveChessVersion "1.4.8"]

1. e4 {[%clk 1:30:56]} c6 {[%clk 1:30:56]} 2. d4 {[%clk 1:31:20]} d5
{[%clk 1:31:18]} 3. exd5 {[%clk 1:31:09]} cxd5 {[%clk 1:31:41]} 4. Nc3
{[%clk 1:30:48]} Nc6 {[%clk 1:30:52]} 5. Bb5 {[%clk 1:30:10]} a6 {[%clk 1:30:43]}
6. Ba4 {[%clk 1:27:36]} e6 {[%clk 1:28:54]} 7. Nf3 {[%clk 1:26:47]} Bb4
{[%clk 1:20:40]} 8. a3 {[%clk 1:21:06]} Bd6 {[%clk 1:17:38]} 9. h3
{[%clk 1:16:44]} Nge7 {[%clk 1:15:33]} 10. Ne5 {[%clk 1:13:44]} b5
{[%clk 1:10:48]} 11. Nxc6 {[%clk 1:12:53]} Nxc6 {[%clk 1:11:04]} 12. Bb3
{[%clk 1:13:07]} Qf6 {[%clk 1:04:57]} 13. Be3 {[%clk 1:11:27]} Na5
{[%clk 0:59:14]} 14. Ba2 {[%clk 1:07:04]} Bd7 {[%clk 0:57:10]} 15. Qg4
{[%clk 1:01:26]} Rc8 {[%clk 0:46:16]} 16. Qg5 {[%clk 0:59:21]} Qxg5
{[%clk 0:40:48]} 17. Bxg5 {[%clk 0:59:39]} h6 {[%clk 0:38:49]} 18. Bd2
{[%clk 0:57:20]} Nc4 {[%clk 0:37:52]} 19. Bxc4 {[%clk 0:53:22]} dxc4
{[%clk 0:31:20]} 20. Ne4 {[%clk 0:51:59]} Be7 {[%clk 0:27:33]} 21. Bb4
{[%clk 0:51:33]} Bc6 {[%clk 0:21:02]} 22. f3 {[%clk 0:50:05]} Bxe4
{[%clk 0:20:20]} 23. fxe4 {[%clk 0:50:21]} a5 {[%clk 0:15:28]} 24. Bxa5
{[%clk 0:45:36]} Ra8 {[%clk 0:15:51]} 25. Bd2 {[%clk 0:44:26]} O-O
{[%clk 0:14:41]} 26. O-O {[%clk 0:44:14]} Rfd8 {[%clk 0:14:23]} 27. c3
{[%clk 0:42:56]} Rd7 {[%clk 0:11:58]} 28. Rf3 {[%clk 0:41:45]} e5
{[%clk 0:11:31]} 29. d5 {[%clk 0:41:05]} Ra6 {[%clk 0:09:47]} 30. Rf5
{[%clk 0:40:25]} Bc5+ {[%clk 0:09:03]} 31. Kh2 {[%clk 0:39:52]} f6
{[%clk 0:08:19]} 32. Rf3 {[%clk 0:39:58]} Kh7 {[%clk 0:06:30]} 33. Rd1
{[%clk 0:38:54]} h5 {[%clk 0:05:46]} 34. Be3 {[%clk 0:37:06]} Be7
{[%clk 0:05:32]} 35. Rf5 {[%clk 0:36:46]} g6 {[%clk 0:05:42]} 36. Rf3
{[%clk 0:36:31]} Kg7 {[%clk 0:05:02]} 37. g3 {[%clk 0:32:20]} Rd8
{[%clk 0:05:03]} 38. Rf2 {[%clk 0:32:25]} Rf8 {[%clk 0:04:04]} 39. Rdf1
{[%clk 0:30:56]} Kh7 {[%clk 0:02:58]} 40. g4 {[%clk 0:30:39]} hxg4
{[%clk 0:02:44]} 41. hxg4 {[%clk 0:31:02]} Raa8 {[%clk 0:02:01]} 42. Kg3
{[%clk 0:30:33]} Kg7 {[%clk 0:02:20]} 43. Rh1 {[%clk 0:30:44]} Rh8
{[%clk 0:02:22]} 44. Rfh2 {[%clk 0:30:51]} Rxh2 {[%clk 0:02:46]} 45. Rxh2
{[%clk 0:31:18]} Rh8 {[%clk 0:03:08]} 46. Rxh8 {[%clk 0:31:19]} Kxh8
{[%clk 0:03:34]} 47. g5 {[%clk 0:31:17]} f5 {[%clk 0:02:15]} 48. exf5
{[%clk 0:30:37]} gxf5 {[%clk 0:02:40]} 49. Kh4 {[%clk 0:29:57]} Kg7
{[%clk 0:02:42]} 50. Kh5 {[%clk 0:30:03]} f4 {[%clk 0:02:52]} 51. Bf2
{[%clk 0:29:56]} e4 {[%clk 0:02:20]} 52. Bd4+ {[%clk 0:29:13]} Kg8
{[%clk 0:02:17]} 53. Kg4 {[%clk 0:29:29]} Bd6 {[%clk 0:01:27]} 54. Bb6
{[%clk 0:27:28]} e3 {[%clk 0:01:15]} 55. Kf3 {[%clk 0:27:46]} Kf7
{[%clk 0:01:34]} 56. Bd4 {[%clk 0:23:44]} Kg6 {[%clk 0:01:14]} 57. Bf6
{[%clk 0:23:48]} Kf5 {[%clk 0:01:00]} 58. Bd8 {[%clk 0:23:23]} Kg6
{[%clk 0:01:04]} 59. Bf6 {[%clk 0:23:33]} Kf5 {[%clk 0:01:05]} 60. Bd8
{[%clk 0:22:44]} Kg6 {[%clk 0:00:38]} 61. Bb6 {[%clk 0:22:12]} Kxg5
{[%clk 0:01:01]} 62. Bxe3 {[%clk 0:22:27]} fxe3 {[%clk 0:01:22]} 63. Kxe3
{[%clk 0:22:51]} Kf5 {[%clk 0:01:44]} 64. Kd4 {[%clk 0:23:10]} Kf4
{[%clk 0:01:07]} 65. a4 {[%clk 0:23:25]} bxa4 {[%clk 0:00:59]} 66. Kxc4
{[%clk 0:23:49]} Ke5 {[%clk 0:00:45]} 67. Kb5 {[%clk 0:23:55]} Kxd5
{[%clk 0:00:52]} 68. Kxa4 {[%clk 0:24:10]} Kc4 {[%clk 0:01:11]} 1/2-1/2

[Event "PMPJ 2022- D17"]
[Site "Jastrzebia Gora"]
[Date "2022.11.08"]
[Round "4.1"]
[White "Krzyzosiak, Anna"]
[Black "Gornisiewicz, Natalia"]
[Result "1-0"]
[BlackElo "1384"]
[WhiteElo "1434"]
[LiveChessVersion "1.4.8"]

1. e4 {[%clk 1:30:57]} Nf6 {[%clk 1:30:55]} 2. e5 {[%clk 1:31:20]} Nd5
{[%clk 1:31:19]} 3. d4 {[%clk 1:31:34]} d6 {[%clk 1:31:33]} 4. c4
{[%clk 1:31:57]} Nb6 {[%clk 1:31:55]} 5. exd6 {[%clk 1:32:13]} exd6
{[%clk 1:32:17]} 6. Nc3 {[%clk 1:32:08]} Be7 {[%clk 1:32:33]} 7. Nf3
{[%clk 1:31:35]} Bg4 {[%clk 1:32:13]} 8. Be3 {[%clk 1:30:36]} Nc6
{[%clk 1:31:59]} 9. h3 {[%clk 1:28:14]} Bxf3 {[%clk 1:31:05]} 10. Qxf3
{[%clk 1:27:50]} Bf6 {[%clk 1:28:01]} 11. O-O-O {[%clk 1:17:20]} Bg5
{[%clk 1:19:43]} 12. c5 {[%clk 1:07:36]} Nc8 {[%clk 1:17:02]} 13. Bc4
{[%clk 0:49:14]} O-O {[%clk 1:15:20]} 14. h4 {[%clk 0:35:39]} Bxe3+
{[%clk 1:12:30]} 15. fxe3 {[%clk 0:35:56]} Na5 {[%clk 1:06:46]} 16. Bb5
{[%clk 0:32:53]} Ne7 {[%clk 1:04:26]} 17. h5 {[%clk 0:20:43]} h6 {[%clk 0:56:37]}
18. Rh3 {[%clk 0:17:46]} Qc8 {[%clk 0:53:21]} 19. Qe4 {[%clk 0:15:41]} Nac6
{[%clk 0:49:49]} 20. Rf1 {[%clk 0:07:17]} Qe6 {[%clk 0:46:38]} 21. Qf4
{[%clk 0:05:55]} Nb4 {[%clk 0:39:07]} 22. Rg3 {[%clk 0:02:05]} a6
{[%clk 0:36:58]} 23. Be2 {[%clk 0:02:06]} Ned5 {[%clk 0:35:42]} 24. Nxd5
{[%clk 0:02:26]} Nxd5 {[%clk 0:36:06]} 25. Qf3 {[%clk 0:02:26]} Nb4
{[%clk 0:34:47]} 26. a3 {[%clk 0:02:02]} Na2+ {[%clk 0:29:00]} 27. Kb1
{[%clk 0:02:11]} dxc5 {[%clk 0:23:10]} 28. Qf6 {[%clk 0:01:24]} Qxf6
{[%clk 0:21:02]} 29. Rxf6 {[%clk 0:01:49]} Kh8 {[%clk 0:21:21]} 30. Rf4
{[%clk 0:02:00]} Nb4 {[%clk 0:21:21]} 31. axb4 {[%clk 0:02:21]} cxb4
{[%clk 0:21:35]} 32. Bc4 {[%clk 0:01:23]} Rae8 {[%clk 0:20:28]} 33. Bxf7
{[%clk 0:01:08]} Re7 {[%clk 0:20:13]} 34. Rgf3 {[%clk 0:01:30]} a5
{[%clk 0:19:09]} 35. Bg6 {[%clk 0:01:14]} Rxf4 {[%clk 0:19:26]} 36. Rxf4
{[%clk 0:01:40]} Kg8 {[%clk 0:19:48]} 37. Re4 {[%clk 0:01:56]} Kf8
{[%clk 0:20:02]} 38. Kc2 {[%clk 0:01:50]} a4 {[%clk 0:19:38]} 39. Rxe7
{[%clk 0:01:13]} Kxe7 {[%clk 0:20:02]} 40. Bd3 {[%clk 0:01:17]} c6
{[%clk 0:20:23]} 41. e4 {[%clk 0:00:51]} Kd6 {[%clk 0:20:31]} 42. Bc4
{[%clk 0:01:07]} b5 {[%clk 0:20:34]} 43. Be2 {[%clk 0:00:57]} Ke6
{[%clk 0:20:33]} 44. d5+ {[%clk 0:01:06]} Kd6 {[%clk 0:20:17]} 45. dxc6
{[%clk 0:01:29]} Kxc6 {[%clk 0:20:41]} 46. e5 {[%clk 0:01:40]} Kc5
{[%clk 0:20:37]} 47. e6 {[%clk 0:01:51]} b3+ {[%clk 0:20:44]} 48. Kc1
{[%clk 0:01:44]} Kd5 1-0

[Event "PMPJ 2022- D17"]
[Site "Jastrzebia Gora"]
[Date "2022.11.08"]
[Round "4.2"]
[White "Labedz, Gabriela"]
[Black "Pietrzak, Emilia"]
[Result "0-1"]
[BlackElo "1386"]
[WhiteElo "1365"]
[LiveChessVersion "1.4.8"]

1. e4 {[%clk 1:30:58]} c5 {[%clk 1:28:54]} 2. Nf3 {[%clk 1:31:22]} Nc6
{[%clk 1:29:15]} 3. d4 {[%clk 1:31:45]} cxd4 {[%clk 1:29:42]} 4. Nxd4
{[%clk 1:32:09]} Qb6 {[%clk 1:30:04]} 5. Nb3 {[%clk 1:32:14]} Nf6
{[%clk 1:30:23]} 6. Nc3 {[%clk 1:32:26]} e6 {[%clk 1:30:45]} 7. Be3
{[%clk 1:31:44]} Qc7 {[%clk 1:31:05]} 8. a3 {[%clk 1:30:59]} a6 {[%clk 1:31:15]}
9. f4 {[%clk 1:27:24]} d6 {[%clk 1:31:28]} 10. Be2 {[%clk 1:25:57]} b5
{[%clk 1:31:23]} 11. Qd2 {[%clk 1:20:29]} Bb7 {[%clk 1:31:08]} 12. Bf3
{[%clk 1:18:41]} Be7 {[%clk 1:31:16]} 13. g4 {[%clk 1:12:12]} Nd7
{[%clk 1:22:05]} 14. O-O-O {[%clk 1:04:29]} Nb6 {[%clk 1:16:02]} 15. Bxb6
{[%clk 1:00:30]} Qxb6 {[%clk 1:16:19]} 16. Bg2 {[%clk 0:53:07]} b4
{[%clk 1:08:45]} 17. axb4 {[%clk 0:50:27]} Nxb4 {[%clk 1:07:57]} 18. e5
{[%clk 0:40:57]} d5 {[%clk 1:00:15]} 19. Qd4 {[%clk 0:37:24]} Qc7
{[%clk 0:55:07]} 20. Rd2 {[%clk 0:34:35]} Rc8 {[%clk 0:48:15]} 21. Kb1
{[%clk 0:31:06]} O-O {[%clk 0:37:58]} 22. h4 {[%clk 0:23:21]} a5 {[%clk 0:33:17]}
23. Qf2 {[%clk 0:19:51]} Ba6 {[%clk 0:24:04]} 24. Bf1 {[%clk 0:16:46]} Bc4
{[%clk 0:23:12]} 25. Bxc4 {[%clk 0:15:39]} dxc4 {[%clk 0:23:34]} 26. Nd4
{[%clk 0:14:45]} a4 {[%clk 0:21:15]} 27. Ndb5 {[%clk 0:12:42]} Qb7
{[%clk 0:18:14]} 28. Qg2 {[%clk 0:11:36]} Qb6 {[%clk 0:17:11]} 29. Rhd1
{[%clk 0:10:36]} Bc5 {[%clk 0:16:22]} 30. Nd6 {[%clk 0:09:36]} Bxd6
{[%clk 0:13:10]} 31. Rxd6 {[%clk 0:08:01]} Qa5 {[%clk 0:13:22]} 32. Qf2
{[%clk 0:06:16]} a3 {[%clk 0:12:43]} 33. Na2 {[%clk 0:03:44]} Nxa2
{[%clk 0:11:37]} 34. Qb6 {[%clk 0:03:05]} Nc3+ {[%clk 0:11:10]} 35. Kc1
{[%clk 0:02:26]} Qxb6 {[%clk 0:11:25]} 36. Rxb6 {[%clk 0:02:49]} Nxd1
{[%clk 0:11:33]} 37. Kxd1 {[%clk 0:03:06]} a2 {[%clk 0:11:57]} 0-1

[Event "PMPJ 2022- D17"]
[Site "Jastrzebia Gora"]
[Date "2022.11.08"]
[Round "4.3"]
[White "Bartoszek, Julia"]
[Black "Tittor, Weronika"]
[Result "1-0"]
[BlackElo "1335"]
[WhiteElo "1253"]
[LiveChessVersion "1.4.8"]

1. e4 {[%clk 1:30:54]} c5 {[%clk 1:30:51]} 2. Nf3 {[%clk 1:31:15]} g6 3. d4
{[%clk 1:31:40]} cxd4 {[%clk 1:31:39]} 4. Nxd4 {[%clk 1:32:06]} Nc6 5. c4
{[%clk 1:32:14]} Nf6 {[%clk 1:31:53]} 6. Nc3 {[%clk 1:32:22]} Qb6
{[%clk 1:31:49]} 7. Nc2 {[%clk 1:30:05]} d6 {[%clk 1:30:38]} 8. Nd5
{[%clk 1:26:00]} Nxd5 {[%clk 1:27:34]} 9. cxd5 {[%clk 1:23:37]} Ne5
{[%clk 1:26:51]} 10. Be2 {[%clk 1:20:29]} Bg7 {[%clk 1:26:14]} 11. O-O
{[%clk 1:19:56]} O-O {[%clk 1:26:05]} 12. Rb1 {[%clk 1:17:48]} Bd7
{[%clk 1:25:30]} 13. Be3 {[%clk 1:14:25]} Qc7 {[%clk 1:22:40]} 14. b3
{[%clk 1:11:11]} f5 {[%clk 1:21:31]} 15. f4 {[%clk 1:08:44]} Nf7 {[%clk 1:18:55]}
16. exf5 {[%clk 1:07:31]} Bxf5 {[%clk 1:17:58]} 17. Bd3 {[%clk 1:07:52]} Nh6
{[%clk 1:17:29]} 18. Nd4 {[%clk 1:06:44]} Ng4 {[%clk 1:13:40]} 19. Nxf5
{[%clk 1:04:55]} gxf5 {[%clk 1:09:04]} 20. Qe2 {[%clk 1:01:58]} Nxe3
{[%clk 1:06:09]} 21. Qxe3 {[%clk 1:02:23]} Qb6 {[%clk 1:06:18]} 22. Qxb6
{[%clk 1:02:41]} axb6 {[%clk 1:06:39]} 23. a4 {[%clk 1:02:47]} Ra5
{[%clk 1:06:24]} 24. Bb5 {[%clk 1:01:47]} Bd4+ {[%clk 1:06:26]} 25. Kh1
{[%clk 1:02:12]} Raa8 {[%clk 1:06:46]} 26. Rbe1 {[%clk 1:01:47]} Kf7
{[%clk 1:06:48]} 27. Re6 {[%clk 1:01:27]} Rac8 {[%clk 1:06:32]} 28. Rfe1
{[%clk 1:01:08]} Bf6 {[%clk 1:06:30]} 29. Bc4 {[%clk 1:00:57]} Rg8
{[%clk 1:06:26]} 30. h3 {[%clk 0:58:58]} Rg7 {[%clk 1:05:47]} 31. Rb1
{[%clk 0:58:04]} Rcg8 {[%clk 1:05:22]} 32. Re2 {[%clk 0:57:40]} Bh4
{[%clk 1:05:33]} 33. Bd3 {[%clk 0:57:37]} Kf6 {[%clk 1:05:19]} 34. Re6+
{[%clk 0:54:55]} Kf7 {[%clk 1:05:27]} 35. Re2 {[%clk 0:49:05]} Kf6
{[%clk 1:05:42]} 36. Bb5 {[%clk 0:47:41]} Bg3 {[%clk 1:05:15]} 37. Rf1
{[%clk 0:46:23]} Rc8 {[%clk 1:05:24]} 38. Bc4 {[%clk 0:45:45]} Rcg8
{[%clk 1:05:14]} 39. Re6+ {[%clk 0:43:03]} Kf7 {[%clk 1:05:28]} 40. Bd3
{[%clk 0:42:09]} Bh4 {[%clk 1:05:03]} 41. Bxf5 {[%clk 0:41:13]} Rxg2
{[%clk 1:05:20]} 42. Rh6 {[%clk 0:40:30]} Bg3 {[%clk 0:59:03]} 43. Be6+
{[%clk 0:40:40]} Kf8 {[%clk 0:57:36]} 44. Kxg2 {[%clk 0:40:57]} Rg7
{[%clk 0:57:08]} 45. Kf3 {[%clk 0:40:34]} Bh2 {[%clk 0:57:09]} 46. Bg4
{[%clk 0:39:02]} Rf7 {[%clk 0:57:09]} 47. Kg2 {[%clk 0:38:10]} Bxf4
{[%clk 0:57:15]} 48. Re6 {[%clk 0:36:54]} Bg5 {[%clk 0:56:56]} 49. Rxf7+
{[%clk 0:37:15]} Kxf7 {[%clk 0:57:17]} 50. Re2 {[%clk 0:37:35]} Kg6
{[%clk 0:56:50]} 51. Bc8 {[%clk 0:37:52]} Kf7 1-0

[Event "PMPJ 2022- D17"]
[Site "Jastrzebia Gora"]
[Date "2022.11.08"]
[Round "4.4"]
[White "Czerwinska, Oliwia"]
[Black "Samol, Julia"]
[Result "1-0"]
[BlackElo "1312"]
[WhiteElo "1392"]
[LiveChessVersion "1.4.8"]

1. e4 {[%clk 1:30:57]} c5 {[%clk 1:30:57]} 2. c3 {[%clk 1:31:22]} d5
{[%clk 1:31:02]} 3. exd5 {[%clk 1:31:32]} Qxd5 {[%clk 1:31:27]} 4. d4
{[%clk 1:31:38]} e6 {[%clk 1:31:05]} 5. Nf3 {[%clk 1:31:14]} Nf6 {[%clk 1:30:50]}
6. Be2 {[%clk 1:28:45]} Be7 {[%clk 1:29:58]} 7. O-O {[%clk 1:27:34]} O-O
{[%clk 1:29:05]} 8. Be3 {[%clk 1:27:33]} cxd4 {[%clk 1:28:10]} 9. Nxd4
{[%clk 1:22:10]} Qd8 {[%clk 1:19:05]} 10. Nb5 {[%clk 1:13:25]} Nd5
{[%clk 1:12:43]} 11. Bxa7 {[%clk 1:07:00]} Nc6 {[%clk 1:09:51]} 12. Be3
{[%clk 1:07:10]} Nxe3 {[%clk 1:07:33]} 13. Qxd8 {[%clk 1:04:45]} Rxd8
{[%clk 1:06:57]} 14. fxe3 {[%clk 1:05:00]} Bc5 {[%clk 1:05:21]} 15. Nd4
{[%clk 1:02:14]} e5 {[%clk 1:04:16]} 16. Nc2 {[%clk 1:02:35]} Be6
{[%clk 1:02:41]} 17. b3 {[%clk 1:00:52]} Ne7 {[%clk 0:51:00]} 18. Bf3
{[%clk 0:46:45]} Rab8 {[%clk 0:46:35]} 19. Kh1 {[%clk 0:41:06]} Rd3
{[%clk 0:39:22]} 20. Be4 {[%clk 0:40:50]} Rd7 {[%clk 0:39:32]} 21. Bf3
{[%clk 0:34:59]} Rd3 {[%clk 0:34:08]} 22. Be2 {[%clk 0:32:45]} Rd7
{[%clk 0:33:51]} 23. Rd1 {[%clk 0:30:50]} Rxd1+ {[%clk 0:26:15]} 24. Bxd1
{[%clk 0:31:13]} Rd8 {[%clk 0:26:25]} 25. Be2 {[%clk 0:26:32]} Nf5
{[%clk 0:16:25]} 26. e4 {[%clk 0:25:40]} Nd6 {[%clk 0:16:24]} 27. Nd2
{[%clk 0:24:58]} Ne8 {[%clk 0:14:42]} 28. Nf1 {[%clk 0:20:10]} Nf6
{[%clk 0:14:15]} 29. Bf3 {[%clk 0:19:46]} Rd3 {[%clk 0:12:58]} 30. c4
{[%clk 0:19:51]} Bg4 {[%clk 0:11:54]} 31. Ne1 {[%clk 0:19:47]} Rd4
{[%clk 0:10:29]} 32. Ne3 {[%clk 0:15:14]} Be6 {[%clk 0:08:07]} 33. N1c2
{[%clk 0:13:28]} Rd3 {[%clk 0:07:00]} 34. Rd1 {[%clk 0:13:03]} Rxd1+
{[%clk 0:05:38]} 35. Nxd1 {[%clk 0:13:26]} Bd7 {[%clk 0:04:26]} 36. Nc3
{[%clk 0:13:07]} Bc6 {[%clk 0:01:29]} 37. Nd5 {[%clk 0:13:24]} Nd7
{[%clk 0:01:01]} 38. b4 {[%clk 0:12:53]} Bd4 {[%clk 0:00:42]} 39. Nxd4
{[%clk 0:12:32]} exd4 {[%clk 0:01:08]} 40. Ne7+ {[%clk 0:07:34]} Kf8
{[%clk 0:01:33]} 41. Nf5 {[%clk 0:06:09]} Ne5 {[%clk 0:00:59]} 42. Nxd4
{[%clk 0:05:06]} Nxc4 {[%clk 0:01:19]} 43. Nxc6 {[%clk 0:05:24]} bxc6
{[%clk 0:01:46]} 44. Kg1 {[%clk 0:04:37]} Ke7 {[%clk 0:01:53]} 45. Kf1
{[%clk 0:04:57]} Ne3+ {[%clk 0:01:54]} 46. Kf2 {[%clk 0:05:10]} Nc2
{[%clk 0:02:21]} 47. a4 {[%clk 0:02:24]} Nxb4 {[%clk 0:02:49]} 48. a5
{[%clk 0:02:01]} c5 {[%clk 0:02:56]} 49. Be2 {[%clk 0:02:27]} Nc6
{[%clk 0:03:22]} 50. a6 {[%clk 0:02:51]} Na7 {[%clk 0:03:42]} 51. Ke3
{[%clk 0:03:05]} Kd6 {[%clk 0:03:39]} 52. Bc4 {[%clk 0:02:45]} f6
{[%clk 0:03:33]} 53. Kf4 {[%clk 0:02:54]} g6 {[%clk 0:02:57]} 54. Bg8
{[%clk 0:03:16]} h5 {[%clk 0:02:00]} 55. Bf7 {[%clk 0:03:42]} g5+
{[%clk 0:00:44]} 56. Kf5 {[%clk 0:04:09]} Ke7 {[%clk 0:00:55]} 57. Bxh5
{[%clk 0:04:32]} c4 {[%clk 0:01:08]} 58. Be2 {[%clk 0:04:59]} c3 {[%clk 0:01:33]}
59. Bd3 {[%clk 0:05:20]} Nc6 {[%clk 0:01:58]} 60. g3 {[%clk 0:04:12]} Nd4+
{[%clk 0:01:46]} 61. Kg6 {[%clk 0:04:14]} Nc6 {[%clk 0:02:11]} 62. Bc2
{[%clk 0:03:44]} Ke6 {[%clk 0:02:07]} 63. h4 {[%clk 0:03:51]} Nb4
{[%clk 0:00:48]} 64. a7 {[%clk 0:04:08]} Nxc2 {[%clk 0:01:15]} 65. a8=Q Nd4
{[%clk 0:01:17]} 66. Qc8+ {[%clk 0:04:56]} 1-0

[Event "PMPJ 2022- D17"]
[Site "Jastrzebia Gora"]
[Date "2022.11.08"]
[Round "4.5"]
[White "Sivickis, Kornelia"]
[Black "Olszewska, Wiktoria"]
[Result "1-0"]
[BlackElo "1353"]
[WhiteElo "1159"]
[LiveChessVersion "1.4.8"]

1. d4 {[%clk 1:30:58]} Nf6 {[%clk 1:30:39]} 2. c4 {[%clk 1:31:24]} g6
{[%clk 1:30:55]} 3. Nc3 {[%clk 1:31:48]} Bg7 {[%clk 1:31:05]} 4. e4
{[%clk 1:32:11]} d6 {[%clk 1:30:47]} 5. f3 {[%clk 1:32:28]} O-O {[%clk 1:29:35]}
6. Be3 {[%clk 1:32:50]} Nc6 {[%clk 1:20:53]} 7. Qd2 {[%clk 1:33:07]} e5
{[%clk 1:19:18]} 8. d5 {[%clk 1:32:22]} Ne7 {[%clk 1:19:26]} 9. O-O-O
{[%clk 1:31:32]} Bd7 {[%clk 1:12:50]} 10. Kb1 {[%clk 1:30:34]} a6
{[%clk 1:11:00]} 11. Bd3 {[%clk 1:30:15]} Qe8 {[%clk 1:06:28]} 12. g4
{[%clk 1:29:11]} b5 {[%clk 1:03:14]} 13. c5 {[%clk 1:26:48]} b4 {[%clk 0:51:36]}
14. Nce2 {[%clk 1:25:48]} dxc5 {[%clk 0:50:00]} 15. Bxc5 {[%clk 1:25:20]} a5
{[%clk 0:50:05]} 16. h4 {[%clk 1:22:24]} Bc8 {[%clk 0:45:32]} 17. Nh3
{[%clk 1:18:23]} Nd7 {[%clk 0:43:41]} 18. Be3 {[%clk 1:17:17]} Ba6
{[%clk 0:39:04]} 19. Nf2 {[%clk 1:15:45]} Qb8 {[%clk 0:30:15]} 20. h5
{[%clk 1:12:49]} c5 {[%clk 0:27:07]} 21. Rc1 {[%clk 1:08:13]} Qd6
{[%clk 0:23:45]} 22. Bh6 {[%clk 1:06:39]} Bxh6 {[%clk 0:15:59]} 23. Qxh6
{[%clk 1:06:42]} Bxd3+ {[%clk 0:11:53]} 24. Nxd3 {[%clk 1:06:16]} Ra6
{[%clk 0:10:18]} 25. hxg6 {[%clk 1:06:17]} Qxg6 {[%clk 0:10:20]} 26. Qxg6+
{[%clk 1:04:33]} fxg6 {[%clk 0:09:56]} 27. Rh3 {[%clk 1:03:41]} Rc8
{[%clk 0:09:48]} 28. Rch1 {[%clk 1:03:07]} c4 {[%clk 0:08:55]} 29. Nf2
{[%clk 1:02:05]} Nf8 {[%clk 0:06:08]} 30. g5 {[%clk 1:01:08]} Re8
{[%clk 0:06:04]} 31. Ng4 {[%clk 1:01:12]} Kg7 {[%clk 0:02:15]} 32. Nxe5
{[%clk 1:00:29]} Nxd5 {[%clk 0:01:17]} 33. Nxc4 {[%clk 0:58:07]} Nc7
{[%clk 0:00:50]} 34. Nf4 {[%clk 0:57:09]} Nce6 {[%clk 0:00:39]} 35. Nxe6+
{[%clk 0:57:01]} Rexe6 {[%clk 0:01:01]} 36. Rd1 {[%clk 0:56:53]} Re7
{[%clk 0:00:43]} 37. Rhh1 {[%clk 0:54:54]} Ne6 {[%clk 0:00:35]} 38. Rd5
{[%clk 0:53:28]} Rea7 {[%clk 0:00:47]} 39. Rhd1 {[%clk 0:53:08]} Kf8
{[%clk 0:00:37]} 40. e5 {[%clk 0:49:15]} Nxg5 41. f4 {[%clk 0:48:47]} Ne6
{[%clk 0:00:46]} 42. Rf1 {[%clk 0:47:33]} Ke7 {[%clk 0:00:40]} 43. Nd6
{[%clk 0:44:32]} Nc7 {[%clk 0:00:35]} 44. Rc5 {[%clk 0:43:27]} Kd7
{[%clk 0:00:41]} 45. Rh1 {[%clk 0:42:28]} h5 {[%clk 0:00:55]} 46. Rd1
{[%clk 0:42:03]} Ke6 {[%clk 0:00:56]} 47. Rg1 {[%clk 0:41:54]} Kd7
{[%clk 0:00:37]} 48. Rxg6 {[%clk 0:41:32]} Ne6 {[%clk 0:00:53]} 49. Rc4
{[%clk 0:41:59]} Rc6 {[%clk 0:00:34]} 50. Rxc6 {[%clk 0:42:01]} Kxc6
{[%clk 0:00:51]} 51. Rxe6 {[%clk 0:41:15]} 1-0

[Event "PMPJ 2022- D17"]
[Site "Jastrzebia Gora"]
[Date "2022.11.08"]
[Round "4.6"]
[White "Bychowska, Marta"]
[Black "Gaczol, Julia"]
[Result "1/2-1/2"]
[BlackElo "1466"]
[WhiteElo "1481"]
[LiveChessVersion "1.4.8"]

1. c4 {[%clk 1:30:57]} f5 {[%clk 1:30:01]} 2. Nc3 {[%clk 1:31:09]} Nf6
{[%clk 1:30:05]} 3. g3 {[%clk 1:31:27]} e5 {[%clk 1:28:30]} 4. Bg2
{[%clk 1:30:37]} Be7 {[%clk 1:26:09]} 5. e4 {[%clk 1:22:13]} fxe4
{[%clk 1:23:59]} 6. Nxe4 {[%clk 1:22:34]} O-O {[%clk 1:22:33]} 7. Ne2
{[%clk 1:20:34]} d6 {[%clk 1:11:00]} 8. O-O {[%clk 1:20:34]} c6 {[%clk 1:08:33]}
9. d4 {[%clk 1:18:04]} Bf5 {[%clk 0:53:49]} 10. Nxf6+ {[%clk 1:05:00]} Bxf6
{[%clk 0:53:23]} 11. d5 {[%clk 1:05:06]} Qd7 {[%clk 0:49:24]} 12. Nc3
{[%clk 1:03:28]} Kh8 {[%clk 0:38:34]} 13. Be4 {[%clk 0:59:31]} g6
{[%clk 0:32:53]} 14. f3 {[%clk 0:54:29]} Na6 {[%clk 0:28:26]} 15. Be3
{[%clk 0:54:05]} c5 {[%clk 0:26:20]} 16. g4 {[%clk 0:49:02]} Bxe4
{[%clk 0:26:10]} 17. fxe4 {[%clk 0:49:08]} Bg7 {[%clk 0:24:02]} 18. Qe2
{[%clk 0:48:16]} Nc7 {[%clk 0:23:57]} 19. a3 {[%clk 0:47:47]} a6 {[%clk 0:23:33]}
20. b4 {[%clk 0:47:02]} b6 {[%clk 0:22:37]} 21. Kg2 {[%clk 0:43:20]} Rxf1
{[%clk 0:10:46]} 22. Rxf1 {[%clk 0:43:30]} Rf8 {[%clk 0:10:49]} 23. Rxf8+
{[%clk 0:43:28]} Bxf8 {[%clk 0:11:17]} 24. Qf3 {[%clk 0:43:34]} Kg8
{[%clk 0:07:36]} 25. h3 {[%clk 0:43:36]} Qf7 {[%clk 0:07:43]} 26. Bg5
{[%clk 0:41:14]} Be7 {[%clk 0:07:43]} 27. Qxf7+ {[%clk 0:39:59]} Kxf7
{[%clk 0:08:07]} 28. Bxe7 {[%clk 0:39:56]} Kxe7 {[%clk 0:08:01]} 29. g5
{[%clk 0:40:10]} Kf7 {[%clk 0:05:33]} 30. Kf3 {[%clk 0:40:29]} Kg7
{[%clk 0:04:24]} 31. Nd1 {[%clk 0:40:13]} Ne8 {[%clk 0:03:46]} 32. h4
{[%clk 0:38:54]} h5 {[%clk 0:03:26]} 33. Nc3 {[%clk 0:38:30]} Nc7
{[%clk 0:02:59]} 34. bxc5 {[%clk 0:36:30]} bxc5 {[%clk 0:03:19]} 35. Na4
{[%clk 0:35:40]} Na8 {[%clk 0:03:34]} 36. Ke3 {[%clk 0:36:03]} Kf7
{[%clk 0:03:56]} 37. Kd3 {[%clk 0:36:29]} Ke7 {[%clk 0:03:51]} 38. Kc3
{[%clk 0:33:19]} 1/2-1/2